000 00354pab a2200145 454500
008 180718b2018 xxu||||| |||| 00| 0 eng d
100 _aVerma, Richard
245 _aIndo-Asia connectivity for shared prosperity
260 _c2018
300 _ap.31-38.
362 _aMar
650 _aInternational relations
773 _aSeminar
909 _a117159
999 _c117153
_d117153